|
|
|
|
| LEADER |
00000nam0a2200000 4500 |
| 001 |
366125 |
| 005 |
20231102011842.0 |
| 035 |
|
|
|a (RuTPU)RU\TPU\retro\23488
|
| 090 |
|
|
|a 366125
|
| 100 |
|
|
|a 20220131d1979 m y0rusy50 ca
|
| 101 |
0 |
|
|a rus
|
| 102 |
|
|
|a RU
|
| 105 |
|
|
|a a j 001zy
|
| 200 |
1 |
|
|a Основы промышленной электроники
|e учебник для техникумов
|f А. К. Криштафович, В. В Трифонюк
|
| 210 |
|
|
|a Москва
|c Высшая школа
|d 1979
|
| 215 |
|
|
|a 256 с.
|c ил.
|
| 320 |
|
|
|a Библиогр.: с. 254
|
| 606 |
1 |
|
|a Промышленная электроника
|2 stltpush
|3 (RuTPU)RU\TPU\subj\52250
|9 70736
|
| 610 |
1 |
|
|a учебники
|
| 610 |
1 |
|
|a электровакуумные приборы
|
| 610 |
1 |
|
|a полупроводниковые приборы
|
| 610 |
1 |
|
|a электронные усилители
|
| 610 |
1 |
|
|a импульсные устройства
|
| 610 |
1 |
|
|a микроэлектронные схемы
|
| 610 |
1 |
|
|a отображение информации
|
| 610 |
1 |
|
|a силовые полупроводниковые приборы
|
| 610 |
1 |
|
|a выпрямители
|
| 610 |
1 |
|
|a инверторы
|
| 610 |
1 |
|
|a тиристорные преобразователи
|
| 675 |
|
|
|a 621.38(075.4)
|v 4
|
| 700 |
|
1 |
|a Криштафович
|b А. К.
|g Алексей Константинович
|
| 701 |
|
1 |
|a Трифонюк
|b В. В
|g Виктор Васильевич
|
| 801 |
|
1 |
|a RU
|b 63413507
|c 20220131
|
| 942 |
|
|
|c BK
|